| 000 | 00519nam a22001457a 4500 | ||
|---|---|---|---|
| 999 |
_c4343 _d234847 |
||
| 022 | _a16687582 | ||
| 080 | _a340.1 R 327 | ||
| 245 | _aRevista Nova tesis | ||
| 260 |
_aBuenos Aires _bNova Tesis _c2006 |
||
| 300 | _a84 P. | ||
| 650 |
_2IEDCYT _xderecho penal _xderecho procesal penal _xaccidentes de transito _xaccidente de trabajo _xdaños _xderecho del consumidor _xresponsabilidad civil _xlegítima defensa _xmodelos |
||
| 760 |
_aDoctrina y Jurisprudencia _xNª 5- Nª 6- Nª 7 |
||
| 942 | _2cdu | ||
| 945 |
_acd _d2016-08-04 |
||